Responses for Show #6720 - Friday, November 29, 2013

Contestants

[<< previous game]

Tracy Carlson, a marketing consultant and author from Newton, Massachusetts

Bryce Johnson, a wine cellar rat from Corvallis, Oregon

Steven Durham, a writer and stay-at-home dad from Asheville, North Carolina (whose 1-day cash winnings total $18,800)

[next game >>]

Jeopardy! Round responses

ON THE MAP
CELEBRITY INSURANCE POLICIES
SLOGANEERING
GET "DOWN"!
THE NIXON YEARS
THE LEAST INTERESTING MAN IN THE WORLD
    $200 6
the Central African Republic

Bryce
    $200 18
Bruce Springsteen

Tracy
    $200 13
Miller Lite

Steven
    $200 21
a downpour

Bryce
    $200 1
the Mets

Steven
    $200 30
Grand Slam

Tracy
    $400 7
(Steven: What is Vienna?)

Salzburg

StevenBryce
    $400 19
his tongue

Steven
    $400 14
Charmin

Tracy
    $400 24
downfield

Bryce
    $400 2
the Moon

Steven
    $400 28
his registration

Steven
    $600 8
El Salvador

Bryce
    $600 12
if they uncross

Tracy
    $600 15
Tide

Tracy
    $600 25
downshift

Bryce
    $1,000 3
(Alex: What can you say about a 25-year-old girl who died?)

Love Story

Steven
    $600 27
pi

Bryce
    $800 9
the Malay Archipelago

Triple Stumper
    $800 11
Michael Flatley

Bryce
    $800 16
Little Caesars

Steven
    $800 22
down-home

Steven
    $800 4
Evel Knievel

Tracy
    $800 26
Steve Winwood

Triple Stumper
    $1000 10
Oman

Bryce
    $1000 20
Troy Polamalu

Steven
    $1000 17
IBM

Steven
    $1000 23
down the hatch

Steven
    $1000 5
(Bryce: Who is Khrushchev?)

(Leonid) Brezhnev

BryceTracy
    $1000 29
pasteurized

Steven

Scores at the first commercial break (after clue 15):

Steven Bryce Tracy
$1,400 $2,000 $3,400

Scores at the end of the Jeopardy! Round:

Steven Bryce Tracy
$7,800 $3,800 $3,800

Double Jeopardy! Round responses

AMERICAN LITERATURE
COATS & JACKETS
HAILED FROM WALES
STATE OF THE MOVIE
BOTANY
WORDS WITHIN WORDS
(Alex: Each correct response will be a word that is contained in its entirety within a word of the clue.)
    $400 1
[Bryce selected the first clue.]

Bess

Steven
    $400 11
Eskimos (or Inuits)

Triple Stumper
    $400 22
(Henry Morton) Stanley

Steven
    $400 2
Texas

Steven
    $400 26
tire (in antireligious)

Bryce
    $800 7
Daniel Webster

Tracy
    $800 12
a letter jacket (or letterman)

Bryce
    $800 23
(Bryce: What is a Booker Prize?)

Dylan Thomas

Bryce
Triple Stumper
    $800 3
California

Triple Stumper
    $800 13
vanilla

Steven
    $800 27
angel (in evangelist)

Steven
    $1200 8
(Alex: [*], right, the narrator.)

Ishmael

Steven
    $1200 14
a puffer

Bryce
    $1200 24
(Steven: Who is St. Patrick?)

St. David

Steven
Triple Stumper
    $1200 4
(Bryce: What is Iowa?)

Alabama

Bryce
Triple Stumper
    $1200 18
a climber

Bryce
    $1200 20
ether (in Netherlands)

Bryce
    $1600 9
Faulkner

Tracy
    $2,500 15
London Fog

Bryce
    $1,000 25
(Steven: What is Charlie and the Chocolate Factory?)
(Alex: No, you had to come up with the author's name, [*]. Less than a minute to go, now, Steven, and you're in second place.)

Roald Dahl

Steven
    $1600 5
New York

Steven
    $1600 16
a pitcher plant

Bryce
    $1600 19
(Bryce: What is vicious?)

miser (in commiserate)

Bryce
Triple Stumper
    $2000 10
Laura Ingalls Wilder

Triple Stumper
    $2000 28
[The end-of-round signal sounds.]

raccoon

Triple Stumper
    $2000 6
Mississippi

Tracy
    $2000 17
mutation

Triple Stumper
    $2000 21
renal (in adrenaline)

Bryce

Scores at the end of the Double Jeopardy! Round:

Steven Bryce Tracy
$11,200 $11,100 $8,200

[wagering suggestions for these scores]

Final Jeopardy! Round responses

COLLEGE SPORTS MASCOTS
(Alex: Oh, Tracy, you can't write any more. We come to you first. Let's take a look and see if you managed to get something down. ... What were you thinking of?)
(Tracy: Oregon.)
...
(Alex: ...Ducks. Donald Duck.)
TracyWhat is O
$3,001
BryceWhat is the Univ. of Oregon
$5,301
StevenWhat is Oregon
$11,100
the University of Oregon

Final scores:

Steven Bryce Tracy
$22,300 $16,401 $5,199
2-day champion: $41,100 2nd place: $2,000 3rd place: $1,000

Game dynamics:

Coryat scores:

Steven Bryce Tracy
$11,800 $10,200 $8,200
19 R
(including 1 DD),
3 W
(including 1 DD)
17 R
(including 1 DD),
4 W
10 R,
0 W

Combined Coryat: $30,200

[game clues] [game scores] [suggest correction]

Game tape date: 2013-09-24
The J! Archive is created by fans, for fans. Scraping, republication, monetization, and malicious use prohibited; this site may use cookies and collect identifying information. See terms. The Jeopardy! game show and all elements thereof, including but not limited to copyright and trademark thereto, are the property of Jeopardy Productions, Inc. and are protected under law. This website is not affiliated with, sponsored by, or operated by Jeopardy Productions, Inc. Join the discussion at JBoard.tv.